Powiaty województwa olsztyńskiego w 1968 roku na mapie - Statystyki

Ogólne statystyki
  • Ten quiz został rozwiązany 40 razy
    19 od ostatniego zresetowania
  • Średni wynik to 15 z 19
Odpowiedzi na mapie
Odpowiedzi zakodowano w zielono-czerwonej skali na mapie do tego quizu, zgodnie z poniższymi procentami.
 
Statystyki odpowiedzi
Powiat % Poprawnych
Miasto {Olsztyn}
100%
olsztyński
100%
nowomiejski
89%
szczycieński
89%
bartoszycki
84%
braniewski
84%
giżycki
84%
kętrzyński
84%
ostródzki
84%
węgorzewski
84%
iławski
79%
mrągowski
79%
piski
79%
działdowski
74%
lidzbarski
74%
nidzicki
74%
biskupiecki
58%
pasłęcki
47%
morąski
37%
Nie znaleziono quizów pasujących do podanych kryteriów
Rozkład punktacji
Procent ludzi z każdym wynikiem
Percentyl według liczby udzielonych odpowiedzi
Twoja historia wyników
Nie rozwiązałeś tego quizu od ostatniego zresetowania